000 00632nam a2200229Ia 4500
003 OSt
005 20220926012756.0
006 a|||||r|||| 00| 0
007 ta
008 220923b |||||||| |||| 00| 0 eng d
037 _cGeneral Book
040 _aRTL
_cRTL
_beng
041 _2eng
_aeng
082 _aT4.5.N7z7, L5
100 _aSeabury Paul Ed.
_992135
245 0 _aUniversities in the Western world
260 _aNew York
_bFree Press U S A
_c1975
300 _axi,303p
_ccm.
650 _aUniversity Education
942 _hT4.5.N7z7, L5
_cGB
_2CC
999 _c624312
_d624312